000 00688 a2200205 4500
010 _aENG-89640
020 _c150.00
035 _aEN-73173
037 _bDBAD / PUB
082 1 4 _a921
090 _c11379
_d11379
100 1 _aRay, Nirmal
245 1 _aRosa Luxemburg:
_ba revolutionary socialist/
_cby Nirmal Ray
260 _aKolkata
_bKalpana Sen
_c2005
270 _aP 494 A,. Keyatala Road,
_bKolkata
_cKolkata
_e700029
_k24652507
300 _av.1 (xx, 263p.)
_c23 cm ( Pbk.)
500 _aIncludes bibliographical references & index.
942 _adpl
_cEN
_k 921/ LUX
999 _c11070
_d11070